Normal view
MARC view
Entry Personal Name
001 - CONTROL NUMBER
- control field: 20220
003 - CONTROL NUMBER IDENTIFIER
- control field: OSt
005 - DATE AND TIME OF LATEST TRANSACTION
- control field: 20220216115318.0
008 - FIXED-LENGTH DATA ELEMENTS
- fixed length control field: 220216|| aca||aabn | a|a d
040 ## - CATALOGING SOURCE
- Original cataloging agency: OSt
- Transcribing agency: OSt
100 ## - HEADING--PERSONAL NAME
- Personal name: BYRNE (Rhonda)
670 ## - SOURCE DATA FOUND
- Source citation: Work cat.: (OSt): Rhonda Byrne 20217, Secret to Love Health and Money: A Masterclass, 2022